<?xml version="1.0" encoding="UTF-8"?>
<record
    xmlns:xsi="http://www.w3.org/2001/XMLSchema-instance"
    xsi:schemaLocation="http://www.loc.gov/MARC21/slim http://www.loc.gov/standards/marcxml/schema/MARC21slim.xsd"
    xmlns="http://www.loc.gov/MARC21/slim">

  <leader>01264nam a22001817a 4500</leader>
  <controlfield tag="008">120605t        xxu||||| |||| 00| 0 eng d</controlfield>
  <datafield tag="020" ind1=" " ind2=" ">
    <subfield code="a">0072472472 9780072472479 </subfield>
  </datafield>
  <datafield tag="050" ind1=" " ind2=" ">
    <subfield code="a">HF5548.4.M525.O4551</subfield>
  </datafield>
  <datafield tag="100" ind1=" " ind2=" ">
    <subfield code="a">O'Leary, Timothy J.</subfield>
  </datafield>
  <datafield tag="245" ind1=" " ind2=" ">
    <subfield code="a">Microsoft Office XP. /</subfield>
    <subfield code="c">Timothy  J. O'Leary and Linda O'Leary</subfield>
  </datafield>
  <datafield tag="260" ind1=" " ind2=" ">
    <subfield code="a">New York, NY : </subfield>
    <subfield code="b"> McGraw-Hill/Irwin,</subfield>
    <subfield code="c">2002-</subfield>
  </datafield>
  <datafield tag="300" ind1=" " ind2=" ">
    <subfield code="a">v. &lt;1-2&gt; : col.</subfield>
    <subfield code="b"> ill. ;</subfield>
    <subfield code="c">28 cm.</subfield>
  </datafield>
  <datafield tag="505" ind1=" " ind2=" ">
    <subfield code="a">Contents: Creating a newsletter -- Creating a complex tables and merging documents -- Creating a web site -- Using solver, creating templates and evaluating scenaries -- Using data tables, creating macros and designing onscreen forms -- Creating and using lists and web pages -- Working with multiple tables -- Creating custom forms -- Creating custom reports, macros, and switchboards -- Using advaanced presentation -- Creating a presentation for a kiosk and the web -- Working together 2: Linking and document collaboration -- Working together 2: retrieving a workbook and importing access data -- Exporting and creating data access pages -- Reviewing embedding, and broadcasting a presentation </subfield>
  </datafield>
  <datafield tag="650" ind1=" " ind2=" ">
    <subfield code="a">Microsoft Office. </subfield>
  </datafield>
  <datafield tag="650" ind1=" " ind2=" ">
    <subfield code="a">Business  </subfield>
    <subfield code="x"> Computer programs. </subfield>
  </datafield>
  <datafield tag="700" ind1=" " ind2=" ">
    <subfield code="a">O'Leary, Linda .I</subfield>
  </datafield>
  <datafield tag="942" ind1=" " ind2=" ">
    <subfield code="2">lcc</subfield>
    <subfield code="c">BK</subfield>
  </datafield>
  <datafield tag="999" ind1=" " ind2=" ">
    <subfield code="c">1078</subfield>
    <subfield code="d">8578</subfield>
  </datafield>
  <datafield tag="952" ind1=" " ind2=" ">
    <subfield code="0">0</subfield>
    <subfield code="1">0</subfield>
    <subfield code="2">lcc</subfield>
    <subfield code="4">0</subfield>
    <subfield code="7">0</subfield>
    <subfield code="a">WIUC-1</subfield>
    <subfield code="b">WIUC-1</subfield>
    <subfield code="c">GEN</subfield>
    <subfield code="d">2012-06-05</subfield>
    <subfield code="l">0</subfield>
    <subfield code="o">HF5548.4.M525.O455</subfield>
    <subfield code="p">2498/12</subfield>
    <subfield code="r">2012-06-05 00:00:00</subfield>
    <subfield code="t">1</subfield>
    <subfield code="w">2012-06-05</subfield>
    <subfield code="y">BK</subfield>
  </datafield>
  <datafield tag="952" ind1=" " ind2=" ">
    <subfield code="0">0</subfield>
    <subfield code="1">0</subfield>
    <subfield code="2">lcc</subfield>
    <subfield code="4">0</subfield>
    <subfield code="7">0</subfield>
    <subfield code="a">WIUC-1</subfield>
    <subfield code="b">WIUC-1</subfield>
    <subfield code="c">GEN</subfield>
    <subfield code="d">2012-06-05</subfield>
    <subfield code="l">0</subfield>
    <subfield code="o">HF5548.4.M525.O4551</subfield>
    <subfield code="p">2499/12</subfield>
    <subfield code="r">2012-06-05 00:00:00</subfield>
    <subfield code="t">2</subfield>
    <subfield code="w">2012-06-05</subfield>
    <subfield code="y">BK</subfield>
  </datafield>
  <datafield tag="952" ind1=" " ind2=" ">
    <subfield code="0">0</subfield>
    <subfield code="1">0</subfield>
    <subfield code="2">lcc</subfield>
    <subfield code="4">0</subfield>
    <subfield code="7">0</subfield>
    <subfield code="a">WIUC-1</subfield>
    <subfield code="b">WIUC-1</subfield>
    <subfield code="c">GEN</subfield>
    <subfield code="d">2012-06-05</subfield>
    <subfield code="l">0</subfield>
    <subfield code="o">HF5548.4.M525.04553</subfield>
    <subfield code="p">2501/12</subfield>
    <subfield code="r">2012-06-05 00:00:00</subfield>
    <subfield code="t">4</subfield>
    <subfield code="w">2021-04-14</subfield>
    <subfield code="y">BK</subfield>
  </datafield>
  <datafield tag="952" ind1=" " ind2=" ">
    <subfield code="0">0</subfield>
    <subfield code="1">0</subfield>
    <subfield code="2">lcc</subfield>
    <subfield code="4">0</subfield>
    <subfield code="7">0</subfield>
    <subfield code="a">WIUC-1</subfield>
    <subfield code="b">WIUC-1</subfield>
    <subfield code="c">GEN</subfield>
    <subfield code="d">2012-06-06</subfield>
    <subfield code="l">0</subfield>
    <subfield code="o">HF5548.4.M525.O4552</subfield>
    <subfield code="p">2500/12</subfield>
    <subfield code="r">2012-06-06 00:00:00</subfield>
    <subfield code="t">3</subfield>
    <subfield code="w">2012-06-06</subfield>
    <subfield code="y">BK</subfield>
  </datafield>
</record>
